Вып. 73/74; Электротермия

מידע ביבליוגרפי
Parent link:Электротермия: научно-технический сборник/ Центральный институт научно-технической информации электротехнической промышленности и приборостроения (ЦИНТИЭлектропром). Вып. 73/74.— , 1961, 1967-1969
שפה:רוסית
יצא לאור: 1968
פורמט: MixedMaterials ספר
KOHA link:https://koha.lib.tpu.ru/cgi-bin/koha/opac-detail.pl?biblionumber=504557

MARC

LEADER 00000nam2a2200000 4500
001 504557
005 20231101102816.0
035 |a (RuTPU)RU\TPU\prd\175374 
035 |a RU\TPU\prd\175369 
090 |a 504557 
100 |a 20130416b1968 k y0rusy50 ca 
101 0 |a rus 
102 |a RU 
200 0 |a Вып. 73/74 
210 |d 1968 
461 1 |0 (RuTPU)RU\TPU\prd\1041  |t Электротермия  |o научно-технический сборник  |f Центральный институт научно-технической информации электротехнической промышленности и приборостроения (ЦИНТИЭлектропром)  |v Вып. 73/74  |d 1961, 1967-1969 
801 0 |a RU  |b 63413507  |c 20010227  |g PSBO 
801 1 |a RU  |b 63413507  |c 20130416 
801 2 |a RU  |b 63413507  |c 20130416  |g RCR 
942 |c BK 
999 |a НТБ_ТПУ  |b НФ  |e -4/20130109  |p П-6827  |u 0,00  |v 1